İnsan nedir? / (Kayıt no. 6647)

MARC ayrıntıları
000 -LEADER
fixed length control field 00554nam a22001937a 4500
003 - CONTROL NUMBER IDENTIFIER
control field KOHA_MİRAKIL
005 - DATE AND TIME OF LATEST TRANSACTION
control field 20241003053855.0
008 - FIXED-LENGTH DATA ELEMENTS--GENERAL INFORMATION
fixed length control field 241002b2020 tu ||||| |||| 00| 0 tur d
020 ## - INTERNATIONAL STANDARD BOOK NUMBER
International Standard Book Number 9786052022962
040 ## - CATALOGING SOURCE
Original cataloging agency TR-AnABB
Language of cataloging tur
Transcribing agency TR-AnABB
041 ## - LANGUAGE CODE
Language code of text/sound track or separate title tur
082 ## - DEWEY DECIMAL CLASSIFICATION NUMBER
Classification number 828.3452
Item number TWA 2020
100 1# - MAIN ENTRY--PERSONAL NAME
Personal name Twain, Mark, 1835-1910
9 (RLIN) 33
245 10 - TITLE STATEMENT
Title İnsan nedir? /
Statement of responsibility, etc. Mark Twain.
260 ## - PUBLICATION, DISTRIBUTION, ETC.
Place of publication, distribution, etc. İstanbul :
Name of publisher, distributor, etc. İlgi Kültür Sanat Yayıncılık,
Date of publication, distribution, etc. 2020.
300 ## - PHYSICAL DESCRIPTION
Extent 136 sayfa ;
Dimensions 20 cm.
650 ## - SUBJECT ADDED ENTRY--TOPICAL TERM
Topical term or geographic name entry element Amerikan edebiyatı, roman
9 (RLIN) 14
942 ## - ADDED ENTRY ELEMENTS (KOHA)
Source of classification or shelving scheme Dewey Decimal Classification
Koha item type Kitap
900 ## - EQUIVALENCE OR CROSS-REFERENCE-PERSONAL NAME [LOCAL, CANADA]
Numeration Can Çelik
Mevcut
Withdrawn status Lost status Source of classification or shelving scheme Damaged status Not for loan Home library Current library Date acquired Source of acquisition Total checkouts Full call number Barcode Date last seen Price effective from Koha item type
    Dewey Decimal Classification     Büyükşehir Genç Akademi Batıkent Büyükşehir Genç Akademi Batıkent 16/04/2025     828.3452 TWA 2020 ABB124110 16/04/2025 16/04/2025 Kitap
    Dewey Decimal Classification     Meteoroloji Çalışma İstasyonu Meteoroloji Çalışma İstasyonu 02/10/2024 SATIN   828.3452 TWA 2020 ABB118019 03/10/2024 03/10/2024 Kitap